LEADER 01184nam a2200289 u 4500 001 000000040876 003 CaOOAMICUS 005 20070226114142.0 008 980720s1981 it u000 u ita u 035 $a10800476 040 $aMSA$bita$dPUL 041 1 $aita$hger 100 1 $aSchmitt, Carl,$d1888-1985.$0(OLS)http://pul/name/27304 240 10$aPolitische Romantik.$lItaliano.$0(OLS)http://pul/title/55123 245 10$aRomanticismo politico /$cCarl Schmitt ; a cura di Carlo Galli. 260 $aMilano :$bGiuffrè,$c1981. 300 $axxxi, 252 p. ;$c21 cm 490 1 $aCiviltà del diritto ;$v42 650 4$aRomanticismo.$0(OLS)http://pul/subject/3381 700 1 $aGalli, Carlo.$0(OLS)http://pul/name/2733 830 0$aCiviltà del diritto ;$v42.$0(OLS)http://pul/title/13936 850 $aPUL 852 $aPUL$W1$xDP2 Diritto e Scienze Sociali 3$y110$m340 COLL 4.42$j175586$nBK-PRI$b $qDDC 21$B55470$CPULBib$Z2$F55470 $H85298 $81 941 1 $a9 961 $aPrecedente Collocazione: DCiv 94 42 996 $6245$aRomanticismo politico$9(OLS)http://pul/title/55124 996 $6260$aMilano :$bGiuffrè$9(OLS)http://pul/publisher/48401 LEADER 01134nam a2200265 u 4500 001 000000067300 003 CaOOAMICUS 005 20070226121655.0 008 020207s1963 sp u000 u spa u 035 $a10919755 040 $aPUL(R)$bita 100 1 $aAlonso, Joaquin Maria,$cC.M.F.$0(OLS)http://pul/name/44969 245 13$aLa infalibilidad conciliar en la relacion primao y episcopado /$cJoaquin Maria Alonso. 260 $aMadrid :$bInstituto "Francisco Suarez",$c1963. 300 $a62 p. ;$c26 cm 500 $a"Publicado en XXII semana española de teologia". 610 24$aPapi.$0(OLS)http://pul/subject/11932 650 4$aInfallibilità.$0(OLS)http://pul/subject/8718 650 4$aVescovi.$0(OLS)http://pul/subject/210 850 $aPUL 852 $aPUL$W1$xSL Religione 1$y3$m62 H 15$j87061$nBK-PRI$b $qStampati$B87061$CPULBib$Z2$F87061 $H $81 941 1 $a8 961 $aINV: 57184 996 $6245$aLa infalibilidad conciliar en la relacion primao y episcopado$9(OLS)http://pul/title/89246 996 $6260$aMadrid :$bInstituto "Francisco Suarez"$9(OLS)http://pul/publisher/60044 LEADER 01389nam a2200349 u 4500 001 000000042643 003 CaOOAMICUS 005 20150825121308.0 008 990305s1998 it u000 u ita u 020 $a8839907572 035 $a10816379 040 $aPUL(R)$bita 041 1 $aita$heng 100 1 $aTillich, Paul,$d1886-1965.$0(OLS)http://pul/name/24019 245 12$aL'irrilevanza e la rilevanza del messaggio cristiano per l'umanità oggi /$cPaul Tillich. 260 $aBrescia :$bQueriniana,$c1998. 300 $a93 p.$c20 cm 490 1 $aGiornale di teologia ;$v257 500 $aInclude indici. 504 $aBibliografia a piè pagina. 650 4$aTeologia.$0(OLS)http://pul/subject/118 830 0$aGiornale di teologia ;$v257.$0(OLS)http://pul/title/9027 850 $aPUL 852 $aPUL$W1$xSL Religione 3$y85$m200 GDT 1.257$j57585$nBK-PRI$qDDC 21$B57585$CPULBib$Z2$F57585 $82 852 $aPUL$W1$xDP1 Fondo S. Lanza$y121$m3 M 24.257$j168030$qFondi$B168585$CPULBib$Z2$F168585 $HLAN402 $82 941 1 $a9 941 1 $a1 961 $aINV: 77825 983 0$aGdT. 996 $6020$a8839907572$9(OLS)http://pul/number/53193 996 $6245$aL'irrilevanza e la rilevanza del messaggio cristiano per l'umanità oggi$9(OLS)http://pul/title/57535 996 $6260$aBrescia :$bQueriniana$9(OLS)http://pul/publisher/47906